Statistiken für Beliebteste Automarken in Deutschland

Klicken Sie hier um das Quiz zu spielen!

Allgemein

  • Dieses Quiz wurde 353 mal gespielt
  • Das Durchschnittsergebnis liegt bei 26 aus 43

Antwortstatistiken

Antwort% Korrekt
1Volkswagen
99%
3Mercedes-Benz
98%
5Audi
97%
6BMW
97%
2Opel
94%
27Porsche
93%
4Ford
91%
8Renault
87%
9Toyota
84%
7Skoda
81%
12Fiat
81%
14Seat
79%
10Peugeot
78%
11Hyundai
77%
15Citroen
74%
20Honda
74%
19Volvo
69%
13Nissan
66%
18Kia
64%
24Mini
63%
17Dacia
62%
22Mitsubishi
60%
43Lamborghini
59%
16Mazda
58%
25Chevrolet
56%
21Suzuki
56%
23Smart
55%
33Jaguar
50%
34Jeep
49%
32Land Rover
48%
36Lada
47%
29Alfa Romeo
44%
26Subaru
42%
31Chrysler
41%
28Saab
38%
38Maserati
36%
37Lexus
35%
30Daihatsu
31%
41Trabant
29%
35Lancia
27%
40Rover
21%
42Wartburg
19%
39Daewoo
13%

Verteilung der Resultate

Perzentil nach korrekt beantworteten Fragen

Anzahl Personen mit jedem Resultat

Ihre Resultats-Entwicklung

Sie haben dieses Quiz noch nicht gespielt